[Event "EIWCC 2018"]
[Site "Vysoke Tatry"]
[Date "2018.04.13"]
[Round "6"]
[White "Gvanceladze, Anna"]
[Black "Gevorgyan, Maria"]
[Result "1-0"]
[WhiteElo "2302"]
[BlackElo "2226"]
[PlyCount "107"]
[EventDate "2018.??.??"]
[EventType "swiss"]
[EventCountry "SVK"]
[SourceTitle "playchess.com"]
[Source "ChessBase"]
[SourceQuality "1"]

1. e4 c5 2. Nf3 e6 3. g3 Nc6 4. Bg2 Nf6 5. Qe2 d5 6. exd5 Nxd5 7. O-O Be7 8.
Rd1 Bf6 9. Nc3 O-O 10. Ne4 Be7 11. c4 Nc7 12. d3 Nd4 13. Nxd4 cxd4 14. f4 Rb8
15. b3 f6 16. Rb1 Bd7 17. Bb2 e5 18. fxe5 fxe5 19. Rf1 Qe8 20. Rxf8+ Kxf8 21.
Re1 Kg8 22. Bc1 Qg6 23. Nf2 Bd6 24. Be4 Bf5 25. Bd2 b6 26. b4 Ne6 27. Bd5 Kh8
28. Kh1 Ng5 29. g4 Be6 30. Bxg5 Bxd5+ 31. cxd5 Qxg5 32. Ne4 Qe7 33. Nxd6 Qxd6
34. Qxe5 Qf8 35. Kg1 h6 36. d6 Qf3 37. Qf5 Qxf5 38. gxf5 Rd8 39. Re6 Kg8 40.
Kg2 Rf8 41. Kg3 a5 42. bxa5 bxa5 43. Kf4 Rb8 44. Ke4 Kf7 45. Kxd4 h5 46. h4 a4
47. Kc5 Rc8+ 48. Kd5 Ra8 49. d7 a3 50. Kc6 g6 51. Rxg6 Ra6+ 52. Kb7 Ra5 53.
d8=Q Ra7+ 54. Kc6 1-0

[Event "EIWCC 2018"]
[Site "Vysoke Tatry"]
[Date "2018.04.13"]
[Round "6"]
[White "Belenkaya, Dina"]
[Black "Nemcova, Karin"]
[Result "1-0"]
[WhiteElo "2308"]
[BlackElo "1992"]
[PlyCount "151"]
[EventDate "2018.??.??"]
[EventType "swiss"]
[EventCountry "SVK"]
[SourceTitle "playchess.com"]
[Source "ChessBase"]
[SourceQuality "1"]

1. e4 d5 2. exd5 Qxd5 3. Nf3 Bg4 4. Be2 Nc6 5. O-O O-O-O 6. h3 Bh5 7. Nc3 Qd7
8. b4 e5 9. Nxe5 Nxe5 10. Bxh5 Bxb4 11. Qe2 Re8 12. Rb1 Bxc3 13. dxc3 Nf6 14.
Be3 Qc6 15. Qd1 Nxh5 16. Qxh5 Kb8 17. Bd4 f6 18. Rb4 Ng6 19. a4 Re4 20. Rfb1 b6
21. a5 Nf4 22. Qf3 Ne2+ 23. Kh2 Nxd4 24. cxd4 Rhe8 25. Qg3 Kb7 26. axb6 axb6
27. Qxg7 Qd6+ 28. Qg3 Rxd4 29. Rxd4 Qxd4 30. Qf3+ Qe4 31. Qxf6 Qxc2 32. Ra1 Qe4
33. g3 Ra8 34. Rc1 Re8 35. Ra1 Ra8 36. Rc1 Re8 37. Rc3 Re6 38. Qf8 Re8 39. Qf6
Qd5 40. Qf4 Re7 41. Rc2 b5 42. Qb4 Rf7 43. Qa5 Kc8 44. Qa6+ Kb8 45. Rd2 Qxd2
46. Qxb5+ Ka7 47. Qa4+ Kb6 48. Qb3+ Ka5 49. Qxf7 c5 50. Kg2 Qc2 51. g4 c4 52.
Qf5+ Qxf5 53. gxf5 c3 54. f6 c2 55. f7 c1=Q 56. f8=Q Qg5+ 57. Kh2 Qe5+ 58. f4
Qe3 59. Kg2 Kb5 60. Qb8+ Kc4 61. Qc7+ Kd5 62. Qd7+ Kc4 63. Qc6+ Kb4 64. Qf3
Qd2+ 65. Kg3 Kc5 66. Qe4 Qc3+ 67. Kg4 Qg7+ 68. Kh5 Qf7+ 69. Kh6 Qf6+ 70. Kxh7
Qh4+ 71. Kg6 Qg3+ 72. Kf6 Qh4+ 73. Ke6 Qh6+ 74. Kd7 Qxh3+ 75. f5 Qh6 76. Qe5+
1-0

[Event "EIWCC 2018"]
[Site "Vysoke Tatry"]
[Date "2018.04.13"]
[Round "6"]
[White "Serakova, Tatana"]
[Black "Milcova, Zuzana"]
[Result "0-1"]
[WhiteElo "1633"]
[BlackElo "2033"]
[PlyCount "100"]
[EventDate "2018.??.??"]
[EventType "swiss"]
[EventCountry "SVK"]
[SourceTitle "playchess.com"]
[Source "ChessBase"]
[SourceQuality "1"]

1. d4 Nf6 2. Bf4 e6 3. e3 b6 4. Nf3 Bb7 5. Nbd2 Be7 6. h3 d5 7. Bb5+ c6 8. Be2
Nbd7 9. O-O O-O 10. c3 c5 11. Re1 h6 12. Rc1 a6 13. dxc5 Nxc5 14. Nb3 Nfe4 15.
Nxc5 Nxc5 16. Qd4 Bf6 17. Be5 Nd7 18. Bxf6 Qxf6 19. Qa4 Nc5 20. Qb4 e5 21. Red1
Rac8 22. Qg4 b5 23. Rd2 Rcd8 24. Qb4 Ne4 25. Rdd1 Rd6 26. c4 dxc4 27. a4 Rb6
28. axb5 axb5 29. Rd7 Nxf2 30. Kxf2 e4 31. Rd4 exf3 32. Rf4 Qd6 33. Qxd6 Rxd6
34. gxf3 Rd2 35. Rf5 Rxb2 36. Ke1 Rd8 37. Rd1 Rxd1+ 38. Kxd1 Bc8 39. Rc5 Bxh3
40. Rd5 Be6 41. Rc5 g6 42. e4 h5 43. Rg5 b4 44. f4 c3 45. Rc5 Bb3+ 46. Ke1 Rb1+
47. Kf2 c2 48. Rc8+ Kg7 49. Bd3 c1=Q 50. Rxc1 Rxc1 0-1

[Event "EIWCC 2018"]
[Site "Vysoke Tatry"]
[Date "2018.04.13"]
[Round "6"]
[White "Ferkova, Dominika"]
[Black "Koubova, Anna Marie"]
[Result "0-1"]
[WhiteElo "2068"]
[BlackElo "1819"]
[PlyCount "110"]
[EventDate "2018.??.??"]
[EventType "swiss"]
[EventCountry "SVK"]
[SourceTitle "playchess.com"]
[Source "ChessBase"]
[SourceQuality "1"]

1. d4 d5 2. c4 dxc4 3. Nc3 a6 4. a4 Nc6 5. Nf3 Bg4 6. e3 Na5 7. Be2 Nf6 8. Ne5
Be6 9. O-O g6 10. Qc2 c6 11. Na2 b5 12. Nb4 Bf5 13. Qd1 Qd6 14. axb5 Qxb4 15.
Bd2 Qxb2 16. Bxa5 cxb5 17. Bf3 Rc8 18. Bb7 Bg7 19. Bxc8 Bxc8 20. Rb1 Qa2 21.
Bb4 O-O 22. Ra1 Qb2 23. Bxe7 Re8 24. Ba3 Qc3 25. Qe2 Bf5 26. Bc5 Ne4 27. Ra3
Qd2 28. Qxd2 Nxd2 29. Rd1 Nb3 30. Nc6 Bc2 31. Re1 Nxc5 32. dxc5 Ba4 33. Nb4 Bb2
34. Rxa4 bxa4 35. Nd5 a3 36. c6 a2 37. c7 a1=Q 38. Rxa1 Bxa1 39. Kf1 Kg7 40.
Nb6 Be5 41. c8=Q Rxc8 42. Nxc8 Bxh2 43. Ke2 c3 44. f3 Bg1 45. e4 Bc5 46. Kd3
Kf6 47. Kxc3 Ke6 48. Kc4 Bf2 49. e5 Kxe5 50. Ne7 Kf4 51. Nd5+ Kg3 52. Nf6 h5
53. Ne4+ Kxg2 54. Ng5 h4 55. Nxf7 h3 0-1

[Event "EIWCC 2018"]
[Site "Vysoke Tatry"]
[Date "2018.04.13"]
[Round "6"]
[White "Makka, Ioulia"]
[Black "Richterova, Natasa"]
[Result "0-1"]
[WhiteElo "2076"]
[BlackElo "2181"]
[PlyCount "80"]
[EventDate "2018.??.??"]
[EventType "swiss"]
[EventCountry "SVK"]
[SourceTitle "playchess.com"]
[Source "ChessBase"]
[SourceQuality "1"]

1. e4 e5 2. Nf3 Nc6 3. Bb5 a6 4. Ba4 Nf6 5. d3 d6 6. O-O b5 7. Bb3 Na5 8. c3
Nxb3 9. axb3 c5 10. c4 b4 11. Ne1 g6 12. f4 Bg4 13. Nf3 exf4 14. Bxf4 Nh5 15.
Be3 Bg7 16. Qc1 O-O 17. Bh6 Bxf3 18. Rxf3 Bd4+ 19. Be3 Be5 20. Nd2 Ng7 21. Qc2
Ne6 22. Raf1 a5 23. Rh3 Bd4 24. Bxd4 Nxd4 25. Qd1 Qe7 26. Kh1 Qe5 27. Qe1 Ne6
28. Qh4 Qg7 29. Rf6 a4 30. bxa4 Rxa4 31. Rhf3 Ra2 32. h3 Rxb2 33. Nf1 Nd4 34.
Rg3 Rb1 35. Kh2 b3 36. Ne3 b2 37. Nd5 Rh1+ 38. Kxh1 b1=Q+ 39. Kh2 Ne2 40. Ne7+
Kh8 0-1

[Event "EIWCC 2018"]
[Site "Vysoke Tatry"]
[Date "2018.04.13"]
[Round "6"]
[White "Batyte, Daiva"]
[Black "Dwilewicz, Katarzyna"]
[Result "0-1"]
[WhiteElo "2165"]
[BlackElo "1967"]
[PlyCount "138"]
[EventDate "2018.??.??"]
[EventType "swiss"]
[EventCountry "SVK"]
[SourceTitle "playchess.com"]
[Source "ChessBase"]
[SourceQuality "1"]

1. Nf3 Nf6 2. c4 e6 3. g3 d5 4. b3 c5 5. Bb2 Nc6 6. cxd5 exd5 7. Bg2 Be7 8. O-O
O-O 9. d4 Ne4 10. Nc3 Be6 11. e3 Rc8 12. dxc5 Nxc5 13. Ne2 Bf6 14. Bxf6 Qxf6
15. Nfd4 Rfd8 16. Rc1 Ne4 17. f3 Nd6 18. Qd2 Re8 19. Rfe1 Bd7 20. Rcd1 g6 21.
Nxc6 Bxc6 22. Nf4 Nf5 23. Bh3 Rcd8 24. Bxf5 Qxf5 25. Qd4 a5 26. h4 h6 27. g4
Qe5 28. Qxe5 Rxe5 29. Kf2 Kg7 30. Rd4 Rde8 31. a3 f6 32. Nd3 R5e7 33. Nc5 b6
34. Nd3 Bb7 35. Nf4 Re5 36. Rd3 Rc8 37. Red1 Rc7 38. Kg3 g5 39. Nh5+ Kg6 40.
hxg5 hxg5 41. f4 Ree7 42. Re1 b5 43. fxg5 fxg5 44. Rf1 b4 45. Rf6+ Kh7 46. axb4
axb4 47. e4 Rc3 48. Rxc3 bxc3 49. exd5 Bxd5 50. Rd6 c2 51. Nf6+ Kg7 52. Nh5+
Kf8 53. Rd8+ Re8 54. Rxd5 c1=Q 55. Rf5+ Ke7 56. Re5+ Kd8 57. Rxe8+ Kxe8 58. Kh3
Qc3+ 59. Ng3 Qxb3 60. Kg2 Kf7 61. Kh2 Qf3 62. Kh3 Kg6 63. Kh2 Qxg4 64. Kg2 Kf6
65. Kh2 Ke5 66. Nf1 Qe2+ 67. Kg1 Kf4 68. Nh2 Kg3 69. Nf1+ Kh3 0-1

[Event "EIWCC 2018"]
[Site "Vysoke Tatry"]
[Date "2018.04.13"]
[Round "6"]
[White "Manakova, Maria"]
[Black "Fataliyeva, Ulviyya"]
[Result "0-1"]
[WhiteElo "2268"]
[BlackElo "2361"]
[PlyCount "100"]
[EventDate "2018.??.??"]
[EventType "swiss"]
[EventCountry "SVK"]
[SourceTitle "playchess.com"]
[Source "ChessBase"]
[SourceQuality "1"]

1. d4 d5 2. Nf3 Nf6 3. Bf4 c5 4. e3 Nc6 5. c3 e6 6. Nbd2 Bd6 7. dxc5 Bxc5 8.
Bd3 h6 9. Bg3 O-O 10. O-O a5 11. Qe2 Re8 12. e4 e5 13. exd5 Nxd5 14. Rad1 Ba7
15. Bc4 Nf4 16. Qe4 Qf6 17. Bxf4 Bf5 18. Bxe5 Rxe5 19. Qh4 g5 20. Qh5 Re7 21.
Nb3 Re4 22. Nbd2 Rf4 23. h3 Kg7 24. Nh2 Re8 25. Ng4 Bxg4 26. hxg4 Rd8 27. Kh1
Rxd2 28. Rxd2 Rxc4 29. Rfd1 Bc5 30. f3 Ne5 31. Qh2 Rf4 32. Qg3 h5 33. Rd5 b6
34. Qe1 Nc4 35. b4 axb4 36. cxb4 Be3 37. Rf5 Qh6 38. Qc3+ Rd4 39. Qxd4+ Bxd4
40. Rxd4 hxg4+ 41. Kg1 Ne3 42. Re5 g3 43. Rxe3 Qh2+ 44. Kf1 Qh1+ 45. Ke2 Qxg2+
46. Kd1 Qg1+ 47. Kd2 Qf2+ 48. Kd3 g2 49. Rg4 g1=Q 50. Rxg1 Qxg1 0-1

[Event "EIWCC 2018"]
[Site "Vysoke Tatry"]
[Date "2018.04.13"]
[Round "6"]
[White "Rodshtein, Tereza"]
[Black "Okuyaz, Duru"]
[Result "1-0"]
[WhiteElo "2226"]
[BlackElo "2122"]
[PlyCount "183"]
[EventDate "2018.??.??"]
[EventType "swiss"]
[EventCountry "SVK"]
[SourceTitle "playchess.com"]
[Source "ChessBase"]
[SourceQuality "1"]

1. d4 d5 2. Bf4 c5 3. e3 cxd4 4. exd4 Nc6 5. c3 Bf5 6. Nd2 e6 7. Ngf3 Bd6 8.
Bg3 Nge7 9. Nh4 Bg6 10. Nxg6 hxg6 11. Bxd6 Qxd6 12. Nf3 a6 13. Be2 Nf5 14. Qd2
b5 15. h3 b4 16. Rc1 bxc3 17. Qxc3 Nfe7 18. O-O O-O 19. Qc5 Qf4 20. b4 Rfc8 21.
a4 Ne5 22. g3 Nxf3+ 23. Bxf3 Qh6 24. Qxe7 Rxc1 25. Be2 Rc2 26. Qb7 Rac8 27.
Bxa6 Qd2 28. b5 R8c3 29. Qb8+ Kh7 30. Qf4 Qxf4 31. gxf4 Rb3 32. Ra1 Rbb2 33. a5
Ra2 34. Rb1 Rxf2 35. b6 Rg2+ 36. Kf1 Rh2 37. Ke1 Rxa5 38. Bf1 Raa2 39. b7 Rhb2
40. b8=Q Rxb8 41. Rxb8 Ra4 42. Rb7 f6 43. Kf2 Rxd4 44. Ke3 Re4+ 45. Kf3 e5 46.
fxe5 fxe5 47. Rd7 Rf4+ 48. Kg2 Rd4 49. Re7 e4 50. Kf2 Rd1 51. Be2 Rd2 52. Ke3
Ra2 53. Bg4 Ra3+ 54. Kf4 e3 55. Be2 Ra4+ 56. Kf3 Rh4 57. Bf1 Re4 58. Rd7 Re6
59. Be2 Kh6 60. Rxd5 Rf6+ 61. Kxe3 Rf5 62. Rd4 Re5+ 63. Kf2 Rf5+ 64. Kg3 Rg5+
65. Bg4 Rb5 66. Rd8 Kh7 67. Bf3 Rg5+ 68. Kf4 Rf5+ 69. Kg4 Re5 70. Bd1 Re4+ 71.
Kf3 Rh4 72. Kg3 Rc4 73. Be2 Rc5 74. Bd3 Rg5+ 75. Kf4 Ra5 76. h4 Rh5 77. Kg4
Rg5+ 78. Kh3 Rc5 79. Rd6 Kh8 80. Bxg6 Rc8 81. Kg4 Rf8 82. Kg5 Rc8 83. Bf5 Re8
84. Rd7 Rb8 85. Re7 Rd8 86. Kg6 Rf8 87. h5 Rf6+ 88. Kg5 Rf8 89. Be6 Rf6 90.
Re8+ Kh7 91. Bf5+ g6 92. Kxf6 1-0

[Event "EIWCC 2018"]
[Site "Vysoke Tatry"]
[Date "2018.04.14"]
[Round "7"]
[White "Sucikova, Svetlana"]
[Black "Sedina, Elena"]
[Result "1-0"]
[WhiteElo "2107"]
[BlackElo "2292"]
[PlyCount "109"]
[EventDate "2018.??.??"]
[EventType "swiss"]
[EventCountry "SVK"]
[SourceTitle "playchess.com"]
[Source "ChessBase"]
[SourceQuality "1"]

1. Nf3 d5 2. d4 c6 3. Bf4 Nf6 4. e3 Bf5 5. Bd3 e6 6. O-O Nbd7 7. Nbd2 Bxd3 8.
cxd3 Be7 9. Rc1 O-O 10. h3 Re8 11. Qa4 a5 12. Qb3 Nb6 13. a4 Nfd7 14. Qa2 Bb4
15. Nb3 Qe7 16. Bg3 f6 17. Rc2 Nb8 18. Rfc1 Na6 19. Qa1 Nd7 20. Re2 Qf7 21. Qb1
e5 22. dxe5 fxe5 23. Nbd2 Nac5 24. b3 e4 25. dxe4 dxe4 26. Nd4 Nd3 27. Rf1 Qd5
28. Rd1 N7c5 29. Nc4 Rad8 30. Bc7 Nxa4 31. bxa4 Qxc4 32. Bxd8 Rxd8 33. Qa2 Qxa2
34. Rxa2 Nc5 35. Rb1 Na6 36. Rc2 Nc5 37. Rxb4 axb4 38. Rxc5 b3 39. Nxb3 Rd1+
40. Kh2 Rb1 41. Nd2 Rb2 42. Nxe4 Kf8 43. Re5 g6 44. a5 Kf7 45. Kg3 h6 46. Nd6+
Kf6 47. Re8 b5 48. Rc8 Ke5 49. a6 Kxd6 50. a7 Ra2 51. a8=Q Rxa8 52. Rxa8 b4 53.
Kf3 Kc5 54. Ke2 Kc4 55. Kd2 1-0

[Event "EIWCC 2018"]
[Site "Vysoke Tatry"]
[Date "2018.04.14"]
[Round "7"]
[White "Motycakova, Monika"]
[Black "Kejzar, Petra"]
[Result "1-0"]
[WhiteElo "2207"]
[BlackElo "2071"]
[PlyCount "91"]
[EventDate "2018.??.??"]
[EventType "swiss"]
[EventCountry "SVK"]
[SourceTitle "playchess.com"]
[Source "ChessBase"]
[SourceQuality "1"]

1. e4 c5 2. Nf3 Nc6 3. d4 cxd4 4. Nxd4 Qc7 5. Nc3 e6 6. Be2 a6 7. O-O Nf6 8.
Be3 Bb4 9. Na4 Be7 10. Nxc6 bxc6 11. Nb6 Rb8 12. Nxc8 Qxc8 13. Bd4 c5 14. Be5
Rb6 15. Qd3 d6 16. Bc3 O-O 17. b3 d5 18. e5 Nd7 19. Rad1 f5 20. f4 c4 21. bxc4
Nc5 22. Qe3 Ne4 23. Bd4 Rb4 24. cxd5 Rxd4 25. Rxd4 exd5 26. Rxd5 Nc3 27. Rd4
Nxe2+ 28. Qxe2 Bc5 29. c3 Rd8 30. Rfd1 Bxd4+ 31. cxd4 Qc6 32. Qd3 Qa4 33. Qb3+
Qxb3 34. axb3 Rd5 35. Kf2 Kf7 36. Ke3 Ke6 37. Ra1 a5 38. Kd3 Rb5 39. Kc4 Rb4+
40. Kc3 Rb5 41. Kc4 Rb4+ 42. Kc5 Rxb3 43. d5+ Kd7 44. Rxa5 Rc3+ 45. Kd4 Rc2 46.
Ra7+ 1-0

[Event "EIWCC 2018"]
[Site "Vysoke Tatry"]
[Date "2018.04.14"]
[Round "7"]
[White "Velikic, Adela"]
[Black "Hoolt, Sarah"]
[Result "1-0"]
[WhiteElo "2241"]
[BlackElo "2393"]
[PlyCount "163"]
[EventDate "2018.??.??"]
[EventType "swiss"]
[EventCountry "SVK"]
[SourceTitle "playchess.com"]
[Source "ChessBase"]
[SourceQuality "1"]

1. e4 c5 2. Nf3 e6 3. g3 Nc6 4. Bg2 Nf6 5. Qe2 e5 6. O-O Be7 7. c3 O-O 8. Na3
Re8 9. d3 Bf8 10. Bg5 h6 11. Bxf6 Qxf6 12. Nc4 d6 13. Ne3 Qd8 14. Rad1 Qa5 15.
a3 Be6 16. Nh4 Qd8 17. Qe1 Be7 18. Nhf5 Bf6 19. f4 exf4 20. gxf4 Ne7 21. Ng3
Bh4 22. f5 Bb3 23. f6 Ng6 24. fxg7 Bxd1 25. Qxd1 Bxg3 26. hxg3 Qg5 27. Nf5 Re6
28. d4 cxd4 29. cxd4 Ne7 30. d5 Rg6 31. Nh4 Rxg7 32. Rf3 Rc8 33. Qb3 Rc7 34.
Qa4 Kh7 35. Qxa7 Qc1+ 36. Kh2 Ng6 37. Nf5 Rg8 38. Rf1 Qxb2 39. Qe3 Rg7 40. Rb1
Qe5 41. Qxh6+ Kg8 42. Qxg7+ Qxg7 43. Nxg7 Kxg7 44. Rb6 Ne5 45. Rxd6 Ng4+ 46.
Kh3 Nf2+ 47. Kh4 Nxe4 48. Bxe4 Rc4 49. Kg5 Rxe4 50. g4 Ra4 51. Kf5 Rxa3 52. Rb6
Re3 53. Rxb7 Re1 54. d6 Re2 55. Rb5 Rd2 56. Ke5 Re2+ 57. Kd5 Kf6 58. g5+ Kxg5
59. Kc6+ Kf6 60. Rd5 Rc2+ 61. Kd7 Ra2 62. Rc5 Ra7+ 63. Rc7 Ra6 64. Rb7 Ra1 65.
Rb6 Ra7+ 66. Kc8 Ra8+ 67. Kc7 Ke6 68. d7+ Ke7 69. Ra6 Rf8 70. Rd6 f5 71. d8=Q+
Rxd8 72. Rxd8 Ke6 73. Rf8 Ke5 74. Kc6 f4 75. Kc5 Ke4 76. Kc4 Ke3 77. Kc3 f3 78.
Re8+ Kf2 79. Kd2 Kg2 80. Rg8+ Kf1 81. Ke3 f2 82. Rf8 1-0

[Event "EIWCC 2018"]
[Site "Vysoke Tatry"]
[Date "2018.04.14"]
[Round "7"]
[White "Babiy, Olga"]
[Black "Milliet, Sophie"]
[Result "1-0"]
[WhiteElo "2318"]
[BlackElo "2391"]
[PlyCount "179"]
[EventDate "2018.??.??"]
[EventType "swiss"]
[EventCountry "SVK"]
[SourceTitle "playchess.com"]
[Source "ChessBase"]
[SourceQuality "1"]

1. e4 c5 2. Nf3 e6 3. d4 cxd4 4. Nxd4 Nc6 5. Nc3 Qc7 6. Be2 a6 7. O-O Nf6 8.
Be3 Be7 9. f4 d6 10. Qe1 O-O 11. Qg3 Nxd4 12. Bxd4 b5 13. a3 Bb7 14. Kh1 Rad8
15. Rae1 Bc6 16. Bd3 Qd7 17. Re2 Nh5 18. Qf2 e5 19. fxe5 dxe5 20. Bxe5 f6 21.
Bf4 Nxf4 22. Qxf4 Bd6 23. Qh4 Be5 24. Nd1 g6 25. Re3 Qb7 26. Qh3 Bd7 27. Qh4
Be6 28. Ref3 a5 29. Ne3 Qc6 30. Nd5 Rxd5 31. exd5 Bxd5 32. R3f2 f5 33. c3 f4
34. Be2 Qc5 35. Qg5 Re8 36. Bd3 f3 37. gxf3 Rf8 38. Qd2 Rf4 39. Qe2 b4 40. axb4
axb4 41. Qxe5 Bxf3+ 42. Rxf3 Qxe5 43. Rxf4 bxc3 44. bxc3 Qxc3 45. R4f3 Qc6 46.
Kg2 Kg7 47. Re1 Qc5 48. Re2 Qg5+ 49. Rg3 Qd5+ 50. Be4 Qd4 51. Rd3 Qc5 52. Rd5
Qc1 53. Rc2 Qe3 54. Rc7+ Kh6 55. Bf3 Qb3 56. h4 Qb2+ 57. Kg3 Qa1 58. Rdd7 Qg1+
59. Bg2 Qe3+ 60. Kg4 Qe6+ 61. Kf4 Qf6+ 62. Kg3 Qe5+ 63. Kf3 Qf6+ 64. Kg3 Qe5+
65. Kf2 Qf4+ 66. Ke2 Qe5+ 67. Kd1 Qa1+ 68. Kc2 Qa2+ 69. Kd3 Qa6+ 70. Kd4 Qb6+
71. Kc4 Qa6+ 72. Kc5 Qa5+ 73. Kd6 Qb6+ 74. Bc6 Qb4+ 75. Kd5 Qd2+ 76. Kc5 Qe3+
77. Kb5 Qe2+ 78. Kb6 Qe3+ 79. Kb7 Qb3+ 80. Kc8 Qg8+ 81. Rd8 Qe6+ 82. Kb8 g5 83.
Bb7 Qe5 84. Rd5 Qf4 85. hxg5+ Kh5 86. Rdc5 Qf8+ 87. Ka7 Qg8 88. g6+ Kxg6 89.
Be4+ Kf6 90. Rf5+ 1-0

[Event "EIWCC 2018"]
[Site "Vysoke Tatry"]
[Date "2018.04.14"]
[Round "7"]
[White "Smirnova, Ekaterina"]
[Black "Sargsyan, Anna M"]
[Result "1/2-1/2"]
[WhiteElo "2153"]
[BlackElo "2276"]
[PlyCount "115"]
[EventDate "2018.??.??"]
[EventType "swiss"]
[EventCountry "SVK"]
[SourceTitle "playchess.com"]
[Source "ChessBase"]
[SourceQuality "1"]

1. d4 d5 2. c4 c6 3. cxd5 cxd5 4. Bf4 Nc6 5. Nc3 e5 6. dxe5 d4 7. Ne4 Qa5+ 8.
Nd2 Nge7 9. Ngf3 Ng6 10. g3 Ngxe5 11. Nxe5 Nxe5 12. Bg2 g6 13. O-O Bg7 14. Bxe5
Qxe5 15. Qa4+ Bd7 16. Qb4 Qe7 17. Qxb7 O-O 18. Nb3 Rfd8 19. Rfe1 Qe8 20. Rac1
Be6 21. Na5 Rab8 22. Qxa7 d3 23. exd3 Bd4 24. Qc7 Rxb2 25. Rf1 Rc8 26. Qf4 Rxc1
27. Qxc1 Qa4 28. Nc6 Bf6 29. d4 Qxa2 30. d5 Bf5 31. Qe3 Re2 32. Qf4 Qb2 33. d6
Bd7 34. Ne7+ Kg7 35. Nd5 Be5 36. Qf3 Bxd6 37. Qc3+ Qxc3 38. Nxc3 Rc2 39. Ne4
Be7 40. Rd1 Be6 41. f4 h6 42. h3 f5 43. Nd2 Bc5+ 44. Kh1 g5 45. fxg5 hxg5 46.
Nf3 Kf6 47. Nd4 Rc3 48. Nxe6 Kxe6 49. Re1+ Kf6 50. Rf1 Ke5 51. Re1+ Kd4 52. Rf1
Ke5 53. Re1+ Be3 54. Bf3 f4 55. gxf4+ Kxf4 56. Kg2 Rc2+ 57. Re2 Rc1 58. Bg4
1/2-1/2

[Event "EIWCC 2018"]
[Site "Vysoke Tatry"]
[Date "2018.04.14"]
[Round "7"]
[White "Worek, Joanna"]
[Black "Richterova, Natasa"]
[Result "1/2-1/2"]
[WhiteElo "2295"]
[BlackElo "2181"]
[PlyCount "140"]
[EventDate "2018.??.??"]
[EventType "swiss"]
[EventCountry "SVK"]
[SourceTitle "playchess.com"]
[Source "ChessBase"]
[SourceQuality "1"]

1. e4 e5 2. Nf3 Nc6 3. Bc4 Bc5 4. O-O Nf6 5. d3 O-O 6. c3 d5 7. exd5 Nxd5 8.
Re1 Bg4 9. Nbd2 Nb6 10. Bb5 f6 11. Ne4 Be7 12. h3 Bh5 13. Ng3 Bg6 14. Nh4 Qd5
15. Nxg6 hxg6 16. Qb3 Rfd8 17. d4 Na5 18. Qxd5+ Rxd5 19. Bd3 f5 20. Rxe5 Rxe5
21. dxe5 Rd8 22. Bc2 Nac4 23. Bb3 Kh7 24. e6 Nd2 25. Bc2 Bf6 26. Ne2 Ne4 27.
Be3 Nc4 28. Bd4 c5 29. Bxf6 gxf6 30. Bb3 Nxb2 31. Rb1 Rd2 32. e7 Nd6 33. Ng3 c4
34. Nf1 Re2 35. Bd1 Nxd1 36. Rxd1 Ne8 37. Ne3 Kg7 38. Rd7 Re1+ 39. Kh2 Kf7 40.
Rxb7 f4 41. Nd5 Re2 42. Rxa7 Rxf2 43. Kg1 Rd2 44. Nb4 Re2 45. Nc6 Re3 46. Ra3
g5 47. Kf2 Nd6 48. Ra8 Ne4+ 49. Kg1 Re1+ 50. Kh2 Ng3 51. e8=Q+ Rxe8 52. Rxe8
Kxe8 53. Na5 Ne4 54. Nxc4 Nxc3 55. a3 Ne4 56. Kg1 Kd7 57. Kf1 Kc6 58. Ke2 Kb5
59. Nb2 Ng3+ 60. Kf3 Nf5 61. Ke4 Nh4 62. Nd3 Nxg2 63. Kf5 f3 64. Kxf6 Nf4 65.
Nf2 Nxh3 66. Ng4 Ka4 67. Kf5 Kxa3 68. Nh2 f2 69. Kg4 Ng1 70. Kg3 Kb3 1/2-1/2

[Event "EIWCC 2018"]
[Site "Vysoke Tatry"]
[Date "2018.04.16"]
[Round "8"]
[White "Yildiz Kadioglu, Betul Cemre"]
[Black "Nemcova, Karin"]
[Result "1-0"]
[WhiteElo "2286"]
[BlackElo "1992"]
[PlyCount "79"]
[EventDate "2018.??.??"]
[EventType "swiss"]
[EventCountry "SVK"]
[SourceTitle "playchess.com"]
[Source "ChessBase"]
[SourceQuality "1"]

1. d4 Nf6 2. Nf3 e6 3. c4 d5 4. Nc3 Bb4 5. Qb3 c5 6. dxc5 Nc6 7. Bg5 h6 8. Bxf6
Qxf6 9. cxd5 exd5 10. O-O-O Bxc3 11. Qxc3 Qxc3+ 12. bxc3 Be6 13. Nd4 a6 14.
Nxc6 bxc6 15. e3 Bf5 16. Rd4 a5 17. Bd3 Bxd3 18. Rxd3 O-O 19. a4 f5 20. g3 Rab8
21. Kc2 g5 22. Rd4 Rb7 23. Rb1 Rxb1 24. Kxb1 Kg7 25. c4 dxc4 26. Kc2 f4 27.
gxf4 gxf4 28. Rd6 fxe3 29. fxe3 Rf2+ 30. Kc3 Ra2 31. Rxc6 Rxa4 32. Rd6 Rb4 33.
c6 Rb8 34. Kxc4 a4 35. c7 Rc8 36. Rc6 Kf7 37. Kb4 Ke7 38. Kxa4 Kd7 39. Kb5 Re8
40. c8=Q+ 1-0

[Event "EIWCC 2018"]
[Site "Vysoke Tatry"]
[Date "2018.04.16"]
[Round "8"]
[White "Atalik, Ekaterina"]
[Black "Schleining, Zoya"]
[Result "1-0"]
[WhiteElo "2452"]
[BlackElo "2382"]
[PlyCount "69"]
[EventDate "2018.??.??"]
[EventType "swiss"]
[EventCountry "SVK"]
[SourceTitle "playchess.com"]
[Source "ChessBase"]
[SourceQuality "1"]

1. d4 Nf6 2. c4 g6 3. Nc3 Bg7 4. e4 O-O 5. Be2 d6 6. h4 e5 7. d5 h5 8. Nf3 Ng4
9. Ng5 f5 10. exf5 gxf5 11. f3 Nf6 12. Qc2 Qe7 13. Be3 Na6 14. O-O-O Nb4 15.
Qb3 a5 16. a3 Na6 17. Qc2 Bh6 18. Rde1 Bd7 19. Bd3 Nh7 20. Kb1 Nc5 21. Ne6 Nxe6
22. Bxh6 Ng7 23. g4 Qf6 24. g5 Qg6 25. c5 Rf7 26. Qb3 Bc8 27. cxd6 Qxd6 28. Nb5
Qb6 29. Qc3 e4 30. Bc4 Nf8 31. fxe4 fxe4 32. Rhf1 Nf5 33. Bxf8 Bd7 34. d6 Raxf8
35. g6 1-0

[Event "EIWCC 2018"]
[Site "Vysoke Tatry"]
[Date "2018.04.16"]
[Round "8"]
[White "Bodnaruk, Anastasia"]
[Black "Sucikova, Svetlana"]
[Result "1-0"]
[WhiteElo "2460"]
[BlackElo "2107"]
[PlyCount "119"]
[EventDate "2018.??.??"]
[EventType "swiss"]
[EventCountry "SVK"]
[SourceTitle "playchess.com"]
[Source "ChessBase"]
[SourceQuality "1"]

1. e4 c6 2. d4 d5 3. e5 c5 4. dxc5 Nc6 5. Bb5 a6 6. Bxc6+ bxc6 7. Be3 Rb8 8.
Bd4 Bf5 9. Ne2 e6 10. O-O Qc7 11. Nd2 Ne7 12. Ng3 Bg6 13. Nf3 Nf5 14. Nxf5 Bxf5
15. a3 a5 16. Nh4 Be4 17. f3 Bg6 18. b3 Be7 19. Nxg6 hxg6 20. f4 Rb5 21. a4 Rb8
22. Qd2 Qa7 23. Qe3 Rb4 24. Kh1 Rh4 25. g3 Rh5 26. Rab1 Kd7 27. Kg2 Rb8 28. g4
Rh4 29. h3 Rb7 30. Rf2 Rh8 31. Rf3 Rb4 32. f5 gxf5 33. gxf5 Rh4 34. c3 Rb8 35.
fxe6+ fxe6 36. Rf7 Rbh8 37. Rf3 g5 38. Rbf1 Qa6 39. Qd3 Qxd3 40. Rxd3 g4 41. b4
gxh3+ 42. Kh2 axb4 43. cxb4 Re4 44. b5 Ra8 45. b6 Rxa4 46. Rb1 Kc8 47. Rg3 Rf4
48. Rg7 Raxd4 49. Rxe7 Kb8 50. Re8+ Kb7 51. Re7+ Kb8 52. Rxe6 Rfe4 53. Ra1 Ra4
54. Rxa4 Rxa4 55. Rxc6 Re4 56. Rd6 Rxe5 57. c6 Kc8 58. b7+ Kc7 59. Rd7+ Kxc6
60. b8=Q 1-0

[Event "EIWCC 2018"]
[Site "Vysoke Tatry"]
[Date "2018.04.16"]
[Round "8"]
[White "Ozbay, Ece"]
[Black "Cosman, Andreea-Marioara"]
[Result "1/2-1/2"]
[WhiteElo "2216"]
[BlackElo "2141"]
[PlyCount "117"]
[EventDate "2018.??.??"]
[EventType "swiss"]
[EventCountry "SVK"]
[SourceTitle "playchess.com"]
[Source "ChessBase"]
[SourceQuality "1"]

1. e4 c5 2. Nf3 d6 3. d4 Nf6 4. e5 dxe5 5. dxe5 Qxd1+ 6. Kxd1 Ng4 7. Ke1 Nc6 8.
Bf4 g5 9. Nxg5 Ngxe5 10. Ne4 Bg7 11. Nbc3 Bf5 12. f3 O-O 13. Kf2 Nd4 14. Nd5
Ng6 15. c3 Nxf4 16. Nxf4 Bxe4 17. fxe4 Nc6 18. Rd1 Rfd8 19. Be2 e6 20. g4 Rxd1
21. Rxd1 Rd8 22. Rxd8+ Nxd8 23. g5 h6 24. h4 hxg5 25. hxg5 Nc6 26. Bg4 Ne5 27.
Bh3 Kf8 28. b4 Ke7 29. bxc5 Ng6 30. Ne2 Kd7 31. Nd4 Bf8 32. Nb3 Be7 33. Bf1 a6
34. Na5 Bxc5+ 35. Kg3 Kc7 36. Kg4 Be3 37. Nb3 Ne5+ 38. Kh5 b5 39. Be2 Kb6 40.
Nd4 Bd2 41. Nf3 Nxf3 42. Bxf3 Kc5 43. e5 Bxc3 44. Kh6 Bxe5 45. Bh5 f5 46. g6
Kb4 47. g7 Bxg7+ 48. Kxg7 Ka3 49. Kf6 Kxa2 50. Kxe6 b4 51. Kxf5 b3 52. Ke5 a5
53. Kd4 a4 54. Kc3 b2 55. Bg6 a3 56. Kb4 b1=Q+ 57. Bxb1+ Kb2 58. Ka4 Kxb1 59.
Kxa3 1/2-1/2